Family law in Ghana / (Record no. 1300)
[ view plain ]
| 000 -LEADER | |
|---|---|
| fixed length control field | 00553cam a2200193 i 4500 |
| 001 - CONTROL NUMBER | |
| control field | 20978982 |
| 005 - DATE AND TIME OF LATEST TRANSACTION | |
| control field | 20241118165424.0 |
| 008 - FIXED-LENGTH DATA ELEMENTS--GENERAL INFORMATION | |
| fixed length control field | 190518s2018 gh b 001 0 eng |
| 020 ## - INTERNATIONAL STANDARD BOOK NUMBER | |
| International Standard Book Number | 9789988278571 |
| 050 00 - LIBRARY OF CONGRESS CALL NUMBER | |
| Classification number | KRX540 |
| Item number | .O34 2018 |
| 100 1# - MAIN ENTRY--PERSONAL NAME | |
| Personal name | Offei, William E., |
| Relator term | author. |
| 245 10 - TITLE STATEMENT | |
| Title | Family law in Ghana / |
| Statement of responsibility, etc. | William E. Offei. |
| 250 ## - EDITION STATEMENT | |
| Edition statement | Fifth edition. |
| 260 ## - PUBLICATION, DISTRIBUTION, ETC. | |
| Place of publication, distribution, etc. | Accra-North, Ghana |
| Name of publisher, distributor, etc. | William E. Offei |
| Date of publication, distribution, etc. | 2018 |
| 300 ## - PHYSICAL DESCRIPTION | |
| Extent | xx, 501 pages ; |
| Dimensions | 22 cm |
| 500 ## - GENERAL NOTE | |
| General note | Includes Index |
| 650 #0 - SUBJECT ADDED ENTRY--TOPICAL TERM | |
| Topical term or geographic name entry element | Domestic relations |
| Geographic subdivision | Ghana. |
| 942 ## - ADDED ENTRY ELEMENTS (KOHA) | |
| Source of classification or shelving scheme | Library of Congress Classification |
| Koha item type | Books |
| Suppress in OPAC | No |
| 999 ## - | |
| -- | 1300 |
| -- | 1300 |
| Withdrawn status | Lost status | Source of classification or shelving scheme | Damaged status | Not for loan | Collection | Home library | Current library | Shelving location | Date acquired | Total checkouts | Full call number | Barcode | Date last seen | Copy number | Price effective from | Koha item type |
|---|---|---|---|---|---|---|---|---|---|---|---|---|---|---|---|---|
| Library of Congress Classification | Non-fiction | Law Library (Kumasi) | Law Library (Kumasi) | General stacks | 04/16/2026 | KRX540 OFF | llk00000166 | 04/16/2026 | 2 | 04/16/2026 | Books | |||||
| Library of Congress Classification | Non-fiction | Law Library (Miotso) | Law Library (Miotso) | Reference | 11/18/2024 | KRX540 OFF | LLM00000918 | 11/18/2024 | 1 | 11/18/2024 | Books |